Guess A Valid Country #1: Population Categories - Statistics

General Stats
  • This quiz has been taken 88 times
  • The average score is 9 of 10
Answer Stats
Guess a country that... Answers % Correct
Is a South American country with a population above 50 million Brazil/Colombia
100%
Has a population above 1 billion China/India
100%
Is a European country with a population above 100 million Russia
100%
Has a population below 20,000 Vatican City/Tuvalu/Nauru/Palau
99%
Is a South American country with a population below 1 million Suriname/Guyana
94%
Is a European country with less than 100,000 people but NOT Vatican City San Marino/Monaco/Liechtenstein/Andorra
93%
Is a Oceanian country with more than 200,000 people but not Australia, New Zealand, or Papua New Guinea Fiji/Solomon Islands/Vanuatu
86%
Is a North American country with a population between 5 and 10 million Nicaragua/El Salvador/Costa Rica
72%
Is an European country with a population between 3 and 4 million Moldova/Bosnia and Herzegovina
57%
Has a population between 8 and 9 million Austria/Switzerland/Sierra Leone
49%
No matching quizzes found
Score Distribution
Percent of People with Each Score
Percentile by Number Answered
Your Score History
You have not taken this quiz